000
00292nam a22001337a 4500
008
210301b ||||| |||| 00| 0 eng d
020
_a
9781133954422
041
_a
eng
080
_a
510
100
_a
36
101
_a
MAT
245
_a
Algebra and Trigonometry
_c
Larson,R
942
_2
udc
_c
BK
999
_c
55347
_d
55347